000 01846nam a2200421 i 4500
003 EG-GICUC
005 20260121101650.0
008 260105s1932 fr c|||fr|||| 001 0 fre d
040 _aEG-GiCUC
_bfre
_cEG-GiCUC
_dEG-GiCUC
_eRda
041 _afre
082 0 4 _221
_a341.1
_bRE
092 0 4 _221
099 _aLaw1 11 341.1 RE 1932
245 0 0 _aRecueil Des Cours.
_n1930, Tome 35.
264 1 _aParis :
_bHachette,
_c1932.
300 _a750 pages :
_bportraits ;
_c24 cm.
336 _2rda contenu
_a texte
337 _2rda medias
_aOrdinateur
338 _2 transporteur rda
_a Ressource en ligne
490 0 _aAcadémie de droit international ;
_v1930, t 35.
500 _a1931 I
500 _aAt head of title: Académie de droit international.
504 _aIncludes bibliographical references and index.
505 _aContient les cours de l'Académie y compris :
_tRègles générales du droit de la paix /
_rpar Maurice Bourquin --
_tLes nouvelles orientations de la politique économique internationale /
_rpar A. da Veiga Simões --
_tL'excès de pouvoir dans la justice internationale /
_rpar Frede Castberg --
_tConception du droit international privé d'après la doctrine et la pratique russes (U.R.S.S.) /
_rpar A.N. Makarov --
_tLe développement et les tendances récentes du droit international /
_rpar James W. Garner.
546 _aTexte en français
650 1 4 _ainternational law
_2qrmak
650 1 4 _aJudgments
_2qrmak
651 1 _2qrmak
700 1 _aBourquin, Maurice
_eAuteur
700 1 _aSimões, A. da Veiga
_eAuteur
700 1 _aCastberg, Frede
_eAuteur
700 1 _aMakarov , A.N.
_eAuteur
700 1 _aGarner, James W.
_eAuteur
710 _aAcadémie De Droit International
856 4 0 _uhttps://fll.law.cu.edu.eg/fulltext/bks/B11-06787.pdf
905 _a75
942 _2ddc
_n0
_cBK
_e21
999 _c54712
_d54712